| 000 | 00905nam a22002057a 4500 | ||
|---|---|---|---|
| 999 |
_c12423 _d12423 |
||
| 003 | AR-CdUCM | ||
| 008 | 190408b ||||| |||| 00| 0 spa d | ||
| 040 |
_aMUNICIPALIDAD PROVINCIAL DEL CUSCO _cBIBLIOTECA MUNICIPAL DEL CUSCO |
||
| 082 |
_aC / 809.2 / _bN56 |
||
| 100 |
_aNieto, Luis _911864 |
||
| 245 |
_aSemblanzas : _bde frente y de perfil / |
||
| 260 |
_aCusco : _bEdiciones Sol y Piedra, _c1957. |
||
| 300 |
_a54 páginas ; _bilustración, retrato, _c25 cm. |
||
| 505 | _aContenido: Romain Rolland, conciencia de Francia -- Walt Whitman, cantor de la democracia -- Pedro Salinas, poeta peregrino -- André Gide, el evadido -- Pablo Neruda, esta es tu casa -- Atahualpa Yupanqui, pregonero de América -- Luis C. López, poeta burlón e irrespetuoso. | ||
| 650 |
_aLiteratos _9754 |
||
| 650 |
_aBiobibliografía _97105 |
||
| 650 |
_aSiglo XX _98 |
||
| 942 |
_2ddc _cLIBROS |
||
| 945 |
_aachl _d2019-04-08 |
||